| 000 | 00542nam a2200181Ia 4500 | ||
|---|---|---|---|
| 003 | OSt | ||
| 005 | 20260106112904.0 | ||
| 008 | 210210b1949 xxu||||| |||| 00| 0 eng d | ||
| 040 | _cAL | ||
| 041 | _aKannada | ||
| 082 | _a859/1571 | ||
| 100 |
_aRAMARAV (M) _9155915 _dರಾಮರಾವ್ (ಎಂ). |
||
| 245 |
_aNagakannike mattu itara kathegalu: _bನಾಗಕನ್ನಿಕೆ ಮತ್ತು ಇತರ ಕತೆಗಳು |
||
| 260 |
_aBengaluru _b- _c1949 |
||
| 690 |
_aKannada Fiction _9155916 |
||
| 906 | _a022298 | ||
| 942 |
_2ddc _cBK |
||
| 999 |
_c146598 _d146598 |
||